00469nam a22001577a 450000500170000001000150001702000260003203500140005803700130007208200110008510000170009624500890011326000400020227000480024230000210029020200213131645.0 aENG-127731 c145.00a9789388927543 aEN-111263 bDBAD/PUB a883.08 aVyas,Namrata aA critical study of Priya:cby Namrata Vyasbin Incredible Indyaa by Namita Gokhale/ aAhmedabadc2019bVedant Publication aRajkot, Ahmedabad, Surate360001bAhmedabad a117p.b21cm(pbk)